01606 a2200193 4500020001500000020001800015082001100033100001900044245010400063250001200167260003400179300002100213500001500234520095400249700002001203700002001223856008201243856008701325 a007140998X a978007140998804a658.161 aDeans, Graeme.10aWinning the merger endgame :ba playbook for profiting from industry consolidation /cGraeme Deans. a1st ed. a[S.l.] :bMcGraw-Hill,c2002. a320 p. ;c24 cm. aHardcover. aAn indispensable guide to strategic best practices for business mergers Thirteen years ago, the experts at A. T. Kearney embarked on a landmark, worldwide study of business mergers. Encompassing 25,000 companies across 24 industries in 53 countries, the study revealed much crucial information that was previously unknown about business consolidation. This book shares those revelations and insights with senior executives, consultants, and industry analysts involved in the merger process. More important, it builds on those findings to present readers with a solid game plan for winning the consolidation game. Readers learn about the consolidation cycles through which industries pass, how to identify where in the cycle their industry currently lies, how to leverage that knowledge in determining which organizational changes they need to make and when they need to make them, and how to develop and deploy the most successful merger strategies.1 aKroeger, Fritz.1 aZeisel, Stefan.403Amazon.comuhttp://www.amazon.com/exec/obidos/ASIN/007140998X/chopaconline-20403Amazon customer reviewsuhttp://www.chopac.org/cgi-bin/tools/azrev.pl?q=007140998X